| 000 | 00857cam a2200241 a 4500 | ||
|---|---|---|---|
| 001 | 000003093 | ||
| 005 | 20200929150328.0 | ||
| 008 | 730111s1998 sp a 001 p spa | ||
| 020 | _a843761631X | ||
| 040 |
_aDO-SdBNP _bspa _cBNPHU |
||
| 082 |
_a861.64 _bC289d |
||
| 100 | 1 |
_aCarnero, Guillermo, _d1947- _99762 |
|
| 245 | 1 | 0 |
_aDibujo de la muerte : _bobra poética / _cGuillermo Carnero ; edición de Ignacio Javier López ; ilustración de Antonio de Pereda. |
| 260 |
_aMadrid : _bCátedra, _c1998. |
||
| 300 |
_a322, [3] p. : _bil. ; _c18 cm. |
||
| 490 | 1 |
_aLetras hispánicas _v444 |
|
| 650 | 4 |
_aPoesía española _9631 |
|
| 650 | 4 |
_aLiteratura española _9632 |
|
| 700 | 1 |
_aLópez, Ignacio Javier, _eed. _99763 |
|
| 700 | 1 |
_aPereda, antonio de, _d1611-1678, _eil. _99764 |
|
| 830 | 0 |
_aLetras hispánicas ; _v444 _94208 |
|
| 910 |
_aCatalogación derivada _bWM |
||
| 999 |
_c2924 _d2924 |
||